000 01050nam a2200277 a 4500
001 52452
003 BD-RjUL
005 20211209075816.0
008 160920s2005 ii ||||| |||| 00| 0 ben d
020 _a8175221976 (V. 18)
020 _a817522021x
035 _a(BD-RjUL)52572
040 _aBD-RjUL
_bben
_cBD-RjUL
041 _aben
082 _223
_a781.1
_bTAN 2005
100 1 _aঠাকুর, রবীন্দ্রনাথ
_9156908
245 1 0 _aনৃত্যনাট্য চণ্ডালিকা /
_cরবীন্দ্রনাথ ঠাকুর
260 _aকলিকাতা :
_bবিশ্বভারতী গ্রন্থনবিভাগ,
_c২০০৫
300 _aখণ্ড ;
_c২৫ সেমি
490 _aস্বরবিতান ২১
505 0 _a খণ্ড ১৮ --
650 _aসঙ্গীতের মূলনীতিমালা
_9156909
650 _aBasic Principles of Music
_9145285
830 _aস্বরবিতান ২১
_9163098
942 _2ddc
_cBK
999 _c52452
_d52452